000111542 001__ 111542
000111542 005__ 20220309093121.0
000111542 037__ $$aTAZ-TFG-2019-942
000111542 041__ $$aspa
000111542 1001_ $$aAlonso Casado, Sara
000111542 24200 $$aAmbulatory and Home blood pressure correlation with left ventricular hypertrophy as target organ damage detected by ECG and echocardiogram in patients with HTA
000111542 24500 $$aCorrelación de la presión arterial detectada en domicilio y la medición ambulatoria de la presión arterial con la presencia de hipertrofia ventricular izquierda como lesión de órgano diana detectada mediante ECG y ecocardiograma en pacientes con HTA
000111542 260__ $$aZaragoza$$bUniversidad de Zaragoza$$c2019
000111542 506__ $$aby-nc-sa$$bCreative Commons$$c3.0$$uhttp://creativecommons.org/licenses/by-nc-sa/3.0/
000111542 520__ $$aLa hipertensión arterial es un problema serio a nivel mundial. De acuerdo con la guía europea de HTA más de 1 billón de personas sufren hipertensión, en el momento actual. Además la presión arterial elevada conlleva lesión de órgano diana y muerte prematura. Muchos de estos episodios se relacionan de con presencia de lesiones subclínicas siendo los más representativos la presencia de hipertrofia ventricular izquierda y microalbuminuria. Ambas se asocian con a un aumento de morbimortalidad cardiovascular en estos pacientes. Se estudió una muestra de 112 sujetos con HTA  en una unidad especializada a los que se estudió mediante MAPA, con una edad media de 58,6 años con similar prevalencia entre varones y mujeres y en un 24% de los casos, con antecedentes de enfermedad cardiovascular . De ellos en 36 casos existían datos recogidos sobre la presencia de HVI, de ellos 28 fueron recogidos por ecocardiograma y en 3 más se pudo objetivar mediante análisis de ECG, destacando la falta de electrocardiograma en un elevado número de sujetos. La prevalencia de microalbuminuria fue de 30 de los sujetos estudiados. La medición de la presión arterial en domicilio puede considerarse una adecuada medida de seguimiento en los pacientes con HTA estudiados en nuestra unidad.<br />
000111542 521__ $$aGraduado en Medicina
000111542 540__ $$aDerechos regulados por licencia Creative Commons
000111542 700__ $$aJarauta Simón, Estíbaliz$$edir.
000111542 7102_ $$aUniversidad de Zaragoza$$bMedicina, Psiquiatría y Dermatología$$cMedicina
000111542 8560_ $$f592062@celes.unizar.es
000111542 8564_ $$s1158241$$uhttps://zaguan.unizar.es/record/111542/files/TAZ-TFG-2019-942.pdf$$yMemoria (spa)
000111542 909CO $$ooai:zaguan.unizar.es:111542$$pdriver$$ptrabajos-fin-grado
000111542 950__ $$a
000111542 951__ $$adeposita:2022-03-09
000111542 980__ $$aTAZ$$bTFG$$cMED
000111542 999__ $$a20190530235339.CREATION_DATE